| 000 | 00433nam a22001337a 4500 | ||
|---|---|---|---|
| 040 | _cNUST | ||
| 082 | _a220 PRO | ||
| 100 |
_aNS MARWAH GULRAIZ NS MUHAMMAD UMER PC YOUSRA TARIQ NS UMM E HABIBA KAUSAR _996499 |
||
| 110 |
_aPROJECT SUPERVISOR DR. FARHAN RIAZ _986434 |
||
| 245 | _aPR-SOF-2099-First Person Zombie Survival Game | ||
| 260 |
_aISLAMABAD: _bNUST COLLEGE OF EME, _c2022. |
||
| 650 |
_aDE-COMP-40 _996496 |
||
| 942 |
_2ddc _cPR |
||
| 999 |
_c590772 _d590772 |
||